01008 2200313 4500001002100000005001500021035002000036007000300056008004100059020002200100040002200122082001600144084001700160090002200177100003600199245014900235250002600384300003000410650002400440700003100464850001200495504003300507264003600540336002100576337003000597338002300627999002200650990002200672INLIS00000000089711620250828085012 a0010-0625000487ta250616s2024 yoi g | | | ind|d a978-623-8487-32-5 aYOPDYOGbinderda04223a155.333 a155.25 ELI m aCB-D.11 2024-67350 aEliani Angga SafitriePengarang1 aMama juga manusia tidak perlu menjadi sosok yang sempurna, tetapi kehidupannya tetap berharga /cElina Angga Safitri; penyunting, Lidya Mayasari aCetakan Pertama: 2024 avii, 280 halaman ;c22 cm 4aWanita--xPsikologi0 aLidya MayasariePenyunting aYOPDYOG aBibliografi: halaman 271-27231aSleman :bLautan Pustaka,c2024 2rdacontentateks 2rdamediaatanpa perantara 2rdacarrieravolume aCB-D.11/2024-6735 aCB-D.11/2024-6735